000 00801nam a22002057a 4500
999 _c180856
_d180856
005 20210823114419.0
010 _aB-741162
020 _a9788184779578
_c200.00
035 _aB-741162
037 _bGift
082 _aS
100 _aBalkaran, Kuntie Ramdat
245 _aLittle monkey gets lost:
_bwhere animals live /
_cby Kuntie Ramdat Balkaran ; illustrated by Anitha Balachandran
260 _aNew Delhi
_bScholastic
_c2014
270 _aA-27, Ground Floor, Bharti Sigma Centre Infocity-1, Sector 34
_bGurgaon
_e122001 (India)
300 _aunpaged.:
_bcol.ill.
_c21cm(Hb)
700 _aBalachandran, Anitha
942 _2ddc
_cCH
_mBAL
_hS